Normal view
MARC view
- Hanán Díaz, Fanuel
Entry Nombre Personal
001 - NUMERO DE CONTROL
- campo de control: 35592
003 - IDENTIFICADOR DE NUMERO DE CONTROL
- campo de control: UPN
005 - FECHA Y HORA DE LA ÜLTIMA TRANSACCIÓN
- campo de control: 20210219194505.0
008 - DATOS DE LONGITUD FIJA
- campo de control de longitud fija: nabaccnnaabn|||||||||| b |nc|||||d
035 ## - NUMERO DE CONTROL
- Número de control: UPN11000007699
040 ## - FUENTE DE CATALOGACIÓN
- Lenguaje de catalogación: SPA
- Agencia de transcripción: UPN
100 1# - ENCABEZAMIENTO - NOMBRE PERSONAL
- Nombre personal: Hanán Díaz, Fanuel
670 ## - FUENTE EN LA QUE SE LOCALIZARON DATOS
- Cita de la fuente: T
- Uniform Resource Identifier: http://www.portal.educ.ar/noticias/entrevistas/fanuel-hanan-diaz-libros-album.php
680 ## - NOTA PUBLICA DE ACCESO PÚBLICO
- Frase explicativa de la referencia: Crítico e investigador literario venezolano. Se licenció en Letras en la Universidad Católica Andrés Bello
902 ## - CATALOGADOR
- Catalogador: MCM/130814
